Statistiche per Paesi nordici e capitali

Clicka qui per fare il quiz!

Statistiche generali

  • Questo quiz è stato fatto 107 volte
  • Il punteggio medio è 9 su 10

Statistiche sulle risposte

I paesi nordici% Corretto
Danimarca
99%
Svezia
99%
Finlandia
98%
Norvegia
98%
Islanda
96%
Oslo
96%
Stoccolma
95%
Helsinki
92%
Reykjavik
89%
Copenhagen
53%

Distribuzione punteggi

Percentile per numero di risposta

Percentuale di utenti per punteggio

I tuoi punteggi nel tempo

Non hai fatto questo quiz